000 00384pab a2200157 454500
008 180718b1995 xxu||||| |||| 00| 0 eng d
100 _aGupta, B.K.
245 _aFamily welfare
_bprogramme needs innovations.
260 _c1995
300 _ap.31-33
362 _aNov
650 _aBirth control - India
650 _aFamily planning
773 _aSocial Welfare
909 _a31222
999 _c31222
_d31222